00719nam a22001817a 4500003000900000008004100009040007100050082002000121245007200141260005200213300004400265440003300309505011800342650002400460650001500484650001300499700002500512AR-CdUCM190425b ||||| |||| 00| 0 spa d aMUNICIPALIDAD PROVINCIAL DEL CUSCOcBIBLIOTECA MUNICIPAL DEL CUSCO aSur/N°166/1991 aSur :bsemanario regional surandino /cGuido Delran Cousy, Director aCusco.bCentro Bartolomé de las Casas,c1991. a8 páginas. :bilustraciones ;c29 cm. aSur.nAño XIV, N°166,1991 aContenido: Producción legislativa de la asamblea de la región Inka. -- Centenario de Luis E. Valcárcel. ... aSociedad cusqueña aPolítica aSiglo XX aRemy, María Isabel